Juana la Loca - Vicente Aranda, 2001 elogio de una visionaria /

En un momento de auge de las narraciones históricas, Vicente Aranda se apasiona con el personaje de Juana I de Castilla (1479-1555), figura tan controvertida que pasó a la historia con el apodo de Juana la Loca. El proyecto pudo contar con las revisiones historiográficas recopiladas a partir de nuev...

Teljes leírás

Elmentve itt :
Bibliográfiai részletek
Szerzők: Longhi Ludovico
Sánchez Barba Francesc
További közreműködők: Aranda Vicente
Dokumentumtípus: Cikk
Megjelent: Universidad de Szeged Szeged 2023
Sorozat:Acta hispanica 28
Kulcsszavak:Filmművészet - spanyol - 21. sz., Johanna - királynő - Kasztília
Tárgyszavak:
doi:10.14232/actahisp.2023.28.105-117

Online Access:http://acta.bibl.u-szeged.hu/87068
LEADER 03835nab a2200265 i 4500
001 acta87068
005 20250417070500.0
008 250417s2023 hu o 000 eng d
022 |a 2676-9719 
024 7 |a 10.14232/actahisp.2023.28.105-117  |2 doi 
040 |a SZTE Egyetemi Kiadványok Repozitórium  |b hun 
041 |a eng 
041 |a spa 
100 1 |a Longhi Ludovico 
245 1 0 |a Juana la Loca - Vicente Aranda, 2001  |h [elektronikus dokumentum] :  |b elogio de una visionaria /  |c  Longhi Ludovico 
260 |a Universidad de Szeged  |b Szeged  |c 2023 
300 |a 105-117 
490 0 |a Acta hispanica  |v 28 
520 3 |a En un momento de auge de las narraciones históricas, Vicente Aranda se apasiona con el personaje de Juana I de Castilla (1479-1555), figura tan controvertida que pasó a la historia con el apodo de Juana la Loca. El proyecto pudo contar con las revisiones historiográficas recopiladas a partir de nuevas y exhaustivas consultas de archivos de la época. Aranda y su colaborador en el guion, Antonio Larreta, organizaron materiales de ficción bien cimentados por una extensa documentación en la misma dirección indicada en 1993 por la novela histórica homónima del leridano Guillem Viladot o, de manera más general, en el precioso trabajo de Bartolomé Bennassar La España del Siglo de Oro (1982) donde el hispanista francés repasaba el rol de las princesas, futuras reinas o no, en las alianzas políticas internacionales particularmente relacionadas con la política colonial americana y con los eventuales apoyos de la hija de los Reyes Católicos a las Comunidades de Castilla (1519-1521) que intentaron oponerse al poder imperial de los Habsburgo. La Historia, oral, cultural o de las mentalidades, nos acerca a la perspectiva de género, uno de los temas principales de la filmografía de Aranda. El cineasta barcelonés quiso revisitar la imagen delirante reafirmada por el exitoso filme Locura de amor (1948) de Juan de Orduña cuyos aspectos más novedosos serán analizados en su doble vertiente histórica y psicológica. At a time when historical narratives were booming, Vicente Aranda fell in love with the character of Juana I of Castilla (1479 -1555), a figure so controversial that she went down in history with the nickname of Juana la Loca. The project was able to count on the historiographical revisions compiled from new and exhaustive consultations of archives of the time. Aranda and his collaborator on the script, Antonio Larreta, organized fictional materials well-founded by extensive documentation in the same direction indicated in 1993 by the homonymous historical novel by Guillem Viladot from Lleida or, more generally, in the precious work of Bartolomé Bennassar La España del Siglo de Oro (1982) where the French Hispanist reviewed the role of princesses, future queens or not, in international political alliances particularly related to American colonial policy and eventual support from the daughters of the Catholic Monarchs to the Communities of Castile (1519-1521) that tried to oppose the imperial power of the Habsburgs. History, oral, cultural or of mentalities, brings us closer to the gender perspective, one of the main themes of Aranda's filmography. The Barcelona filmmaker wanted to revisit the delirious image reaffirmed by the successful film Locura de amor (1948) by Juan de Orduña whose most novel aspects will be analysed in its double historical and psychological facet. 
650 4 |a Bölcsészettudományok 
650 4 |a Művészetek (művészetek, művészettörténet, előadóművészetek, zene) 
695 |a Filmművészet - spanyol - 21. sz., Johanna - királynő - Kasztília 
700 0 1 |a Aranda Vicente 
700 0 2 |a Sánchez Barba Francesc  |e aut 
856 4 0 |u http://acta.bibl.u-szeged.hu/87068/1/hispanica_028_105-117.pdf  |z Dokumentum-elérés